banner-ar

DE LA HAUTE EGYPTE ECHELLE 2500 / (Record no. 25774)

MARC details
000 -الفاتح
حقل البيانات ثابتة الطول 00411nam a2200145Ia 4500
008 - عناصر البيانات ثابتة الطول - معلومات عامة
حقل البيانات ثابتة الطول 140319s9999 xx 000 0 eng d
040 ## - مصدر الفهرسة
وكالة الفهرسة الأصلية GCL /
وكالة النسخ GCL
082 04 - رقم تصنيف ديوى العشرى
رقم التصنيف M
رقم المادة CAIRO
-- 2500
100 1# - المدخل الرئيسى - إسم شخصى
الإسم الشخصى M.LINANT DE BELLEFONDOS
245 10 - بيان العنوان
العنوان DE LA HAUTE EGYPTE ECHELLE 2500 /
بيان المسئوليه,etc M.LINANT DE BELLEFONDOS
260 ## - PUBLICATION, DISTRIBUTION, ETC. (IMPRINT)
تاريخ النشر أو التوزيع 1866
650 04 - المدخل الاضافى بالموضوع-مصطلح موضوعى
مصطلح موضوعي CAIRO
942 ## - عناصر المدخل الإضافي( كوها)
مصدر التصنيف او مخطط الترفيف Dewey Decimal Classification
Koha [default] item type خرائط
260 ## - PUBLICATION, DISTRIBUTION, ETC. (IMPRINT)
-- [S.N] :
-- DIRECTEUR GENERAL DES TRAVAUX ،
Holdings
حالة التراجع حالة الفقد حالة تلف ليس للاعارة المكان المؤقت الموقع الحالى تاريخ الاكتساب اجمالي اﻻعارات رقم الطلب الباركود تاريخ اخر مشاهدة تاريخ تفعيل السعر نوع وعاء كوها
        مكتبة القاهرة الكبرى مكتبة القاهرة الكبرى 03/26/2014   M\CAIRO\2500 45357 03/26/2014 03/26/2014 خرائط
        مكتبة القاهرة الكبرى مكتبة القاهرة الكبرى 03/26/2014   M\CAIRO\2500 45358 03/26/2014 03/26/2014 خرائط

Powered By

EGPV